Simeon the Righteous in rabbinic literature : a legend reinvented /
In Simeon the Righteous in Rabbinic Literature: A Legend Reinvented , Amram Tropper investigates the rabbinic traditions about Simeon the Righteous, a renowned Jewish leader of Second Temple times. Tropper not only interprets these traditions from a literary perspective but also deploys a relatively...
المؤلف الرئيسي:
التنسيق: كتاب الكتروني
اللغة: English
منشور في:
Boston :
Brill,
2013.
سلاسل:
Ancient Judaism and Early Christianity
84.
Ancient Judaism & Early Christianity Online, ISBN: 9789004365223.
الموضوعات:
الوصول للمادة أونلاين: Login to view Source
الوسوم: إضافة وسم
رقم الطلب: BM496.9.S56 T76 2013
| LEADER | 03162nam a2200493 i 4500 | ||
|---|---|---|---|
| 001 | BRILL9789004245020 | ||
| 003 | nllekb | ||
| 005 | 20210602101834.0 | ||
| 006 | m d | ||
| 007 | cr un uuuua | ||
| 008 | 130220s2013 mau sb 001 0 eng d | ||
| 020 | |a 9789004245020 |q (electronic book) | ||
| 020 | |z 9789004244986 |q (print) | ||
| 024 | 7 | |a 10.1163/9789004245020 |2 DOI | |
| 035 | |a (OCoLC)828140166 | ||
| 040 | |a NL-LeKB |c NL-LeKB |e rda | ||
| 050 | 4 | |a BM496.9.S56 |b T76 2013 | |
| 072 | 7 | |a REL |x 064000 |2 bisacsh | |
| 072 | 7 | |a HRAX |2 bicssc | |
| 072 | 7 | |a REL |x 033000 |2 bisacsh | |
| 082 | 0 | 4 | |a 296.1/20092 |2 23 |
| 100 | 1 | |a Tropper, Amram D. | |
| 245 | 1 | 0 | |a Simeon the Righteous in rabbinic literature : |b a legend reinvented / |c by Amram Tropper. |
| 264 | 1 | |a Boston : |b Brill, |c 2013. | |
| 300 | |a 1 online resource (vii, 249 pages) | ||
| 336 | |a text |b txt |2 rdacontent | ||
| 337 | |a computer |b c |2 rdamedia | ||
| 338 | |a online resource |2 rdacarrier | ||
| 490 | 1 | |a Ancient Judaism and early Christianity, |x 1871-6636 ; |v volume 84 | |
| 504 | |a Includes bibliographical references and index. | ||
| 505 | 0 | 0 | |a Front Matter -- Introduction -- The Rabbinic Traditions -- Simeon the Righteous, the Great Assembly of Avot and the Rabbinization of Early Second Temple Judaism -- Simeon the Righteous and the Origins of the World's Three Pillars -- Simeon the Righteous and the Narcissistic Nazirite -- Simeon the Righteous and Alexander the Great -- Simeon the Righteous and the Temple of Onias -- Simeon the Righteous in Second Temple Chronology -- Conclusion -- Select Bibliogaphy -- Indexes. |
| 506 | |a Available to subscribing member institutions only. | ||
| 520 | |a In Simeon the Righteous in Rabbinic Literature: A Legend Reinvented , Amram Tropper investigates the rabbinic traditions about Simeon the Righteous, a renowned Jewish leader of Second Temple times. Tropper not only interprets these traditions from a literary perspective but also deploys a relatively new critical approach towards rabbinic literature with which he explores the formation history of the traditions. With the help of this approach, Tropper seeks to uncover the literary and cultural matrices, both rabbinic and Graeco-Roman, which supplied the raw materials and literary inspiration to the rabbinic authors and editors of the traditions. Tropper's analysis reveals that in reinventing the legend of Simeon the Righteous, the rabbis constructed the Second Temple past in the image of their own present. | ||
| 588 | |a Description based on print version record. | ||
| 600 | 0 | 0 | |a Simeon, |c the Just |x In rabbinical literature. |
| 650 | 0 | |a Rabbinical literature |x History and criticism. | |
| 650 | 7 | |a RELIGION / Judaism / Talmud |2 bisacsh | |
| 776 | 0 | 8 | |i Print version: |z 9789004244986 |z 9004244980 |z 9004245022 |w (DLC) 2012045780 |
| 830 | 0 | |a Ancient Judaism and Early Christianity |v 84. | |
| 830 | 0 | |a Ancient Judaism & Early Christianity Online, ISBN: 9789004365223. | |
| 856 | 4 | |z DOI: |u http://dx.doi.org/10.1163/9789004245020 | |
| 942 | |c EBOOK | ||
| 952 | |0 0 |1 0 |4 0 |7 1 |9 14705 |a BRILL |b BRILL |d 2021-06-02 |l 0 |r 2021-06-02 00:00:00 |w 2021-06-02 |y EBOOK | ||
| 999 | |c 36154 |d 36154 | ||
